000 00555nam a2200217Ia 4500
005 20260115172716.0
008 008 260114s9999 xx 000 0 eng d
020 _a9781009052597
037 _aEBOOK
040 _aCRL
_beng
_cCRL
041 _aeng
_2eng
084 _qCRL
100 _aElliott
_9877810
245 0 _aValues in Science
260 _bCambridge University Press
260 _bCambridge University Press
260 _c2022
856 _uhttps://doi.org/10.1017/9781009052597
942 _cEBOOK
999 _c1476415
_d1476415